Patterns of community structure in Colombo, Sri Lanka : (Record no. 383)
[ view plain ]
| 000 -LEADER | |
|---|---|
| fixed length control field | 00611cam a2200181 a 4500 |
| 001 - CONTROL NUMBER | |
| control field | 1124579 |
| 005 - DATE AND TIME OF LATEST TRANSACTION | |
| control field | 20240214023544.0 |
| 008 - FIXED-LENGTH DATA ELEMENTS--GENERAL INFORMATION | |
| fixed length control field | 940519s1994 mduab b 001 0 eng |
| 020 ## - INTERNATIONAL STANDARD BOOK NUMBER | |
| ISBN | 0819196061 (cloth : alk paper) |
| 040 ## - CATALOGING SOURCE (பட்டியலாக்க மூலம்) | |
| Original cataloging agency | DLC |
| Transcribing agency | DLC |
| Modifying agency | DLC |
| 082 00 - DDC Classification | |
| Class No. | 307.76 |
| DDC Edition Number | 20 |
| Item Number - Author Mark | NEV. |
| 100 1# - MAIN ENTRY--PERSONAL NAME | |
| Personal name | Don Arachchige S, Neville. |
| 245 10 - TITLE STATEMENT | |
| Title | Patterns of community structure in Colombo, Sri Lanka : |
| Remainder of title | an investigation of contemporary urban life in South Asia / |
| Statement of responsibility, etc. | Neville S. Arachchige-Don. |
| 260 ## - PUBLICATION, DISTRIBUTION, ETC. | |
| Place of publication, distribution, etc. | Lanham : |
| Name of publisher, distributor, etc. | University Press of America, |
| Date of publication, distribution, etc. | 1994. |
| 300 ## - PHYSICAL DESCRIPTION | |
| Extent (e.g. Volumes, Pages etc.) | xx, 287 p. : |
| 650 #0 - SUBJECT ADDED ENTRY--TOPICAL TERM | |
| Topical term or geographic name entry element | City and town life |
| 942 ## - Koha item type (Biblio) | |
| Koha item type | Books in Stacks (Lending) |
| Lost status | Damaged status | Collection code | Home library | Current library | Date acquired | Full call number | Accession Number | Item type |
|---|---|---|---|---|---|---|---|---|
| Lending | WERC Library | WERC Library | 02/14/2024 | 307.76 NEV. | 5198 | Books in Stacks (Lending) |
